书目信息 |
| 题名: |
教师备课手册
|
|
| 作者: | 本书组编 | |
| 分册: | ||
| 出版信息: | 北京 教育科学出版社 1986.04 |
|
| 页数: | 106页 | |
| 开本: | 26cm | |
| 丛书名: | ||
| 单 册: | ||
| 中图分类: | G633.91 | |
| 科图分类: | ||
| 主题词: | 教育--各级 | |
| 电子资源: | ||
| ISBN: | ||
| 000 | 00562nam0 2200205 450 | |
| 001 | 0755186887 | |
| 005 | 20071121153149.53 | |
| 010 | @dCNY2.50 | |
| 100 | @a20071121d1986 km y0chiy0120 ea | |
| 101 | 0 | @achi |
| 102 | @aCN@b110000 | |
| 102 | @aCN@b110000 | |
| 200 | 1 | @a教师备课手册@Ajiao shi bei ke shou ce@e生物·体育@f本书组编@Fben shu zu bian |
| 210 | @a北京@c教育科学出版社@d1986.04 | |
| 215 | @a106页@d26cm | |
| 517 | 1 | @a生物·体育@Asheng wu·ti yu |
| 606 | 0 | @a教育@x各级 |
| 690 | @aG633.91@v4 | |
| 801 | 0 | @aCN@bPFT@c20071121 |
| 905 | @aBZT@dG633.91@e16 | |
| 教师备课手册:生物·体育/本书组编.-北京:教育科学出版社,1986.04 |
| 106页;26cm |
| ISBN :CNY2.50 |
| ● |
| 相关链接 |
|
|
|
正题名:教师备课手册
索取号:G633.91/16
 
预约/预借
| 序号 | 登录号 | 条形码 | 馆藏地/架位号 | 状态 | 备注 |
| 1 | 4311 | 200857901 | 中心书库北库/ 北库028架B面1列1层81/ [索取号:G633.91/16] | 在馆 | |
| 2 | 4312 | 200857910 | 中心书库北库/ 北库028架B面1列1层82/ [索取号:G633.91/16] | 在馆 |